An Advanced History of India (Record no. 549806)
[ view plain ]
| 000 -LEADER | |
|---|---|
| fixed length control field | 00516nam a22001817a 4500 |
| 020 ## - INTERNATIONAL STANDARD BOOK NUMBER | |
| International Standard Book Number | 0333902980 |
| 020 ## - INTERNATIONAL STANDARD BOOK NUMBER | |
| International Standard Book Number | 9780333908981 |
| 082 ## - DEWEY DECIMAL CLASSIFICATION NUMBER | |
| Classification number | 954.1 |
| Author Mark | MAJ |
| -- | N-01, P-155 |
| 100 ## - MAIN ENTRY--PERSONAL NAME | |
| Personal name | R. C. Majumdar |
| 9 (RLIN) | 46469 |
| 245 ## - TITLE STATEMENT | |
| Title | An Advanced History of India |
| Statement of responsibility, etc. | R. C. Majumdar |
| 250 ## - EDITION STATEMENT | |
| Edition statement | Fourth Edition |
| 260 ## - PUBLICATION, DISTRIBUTION, ETC. | |
| Place of publication, distribution, etc. | India, New Delhi |
| Name of publisher, distributor, etc. | Macmillan India Ltd |
| 300 ## - PHYSICAL DESCRIPTION | |
| Extent | xiv, 1149 P, : |
| 526 ## - STUDY PROGRAM INFORMATION NOTE | |
| Program name | 0 |
| Interest level | 0 |
| Reading level | 0 |
| Title point value | 954_100000000000000_MAJ |
| 526 ## - STUDY PROGRAM INFORMATION NOTE | |
| Program name | 0 |
| Interest level | 0 |
| Reading level | 0 |
| Title point value | 954_100000000000000_MAJ |
| 650 ## - SUBJECT ADDED ENTRY--TOPICAL TERM | |
| Topical term or geographic name entry element | MCE |
| 9 (RLIN) | 379 |
| 942 ## - ADDED ENTRY ELEMENTS (KOHA) | |
| Source of classification or shelving scheme | |
| Koha item type | Book |
| Withdrawn status | Lost status | Source of classification or shelving scheme | Damaged status | Not for loan | Permanent Location | Current Location | Date acquired | Total Checkouts | Full call number | Barcode | Date last seen | Date last checked out | Price effective from | Koha item type |
|---|---|---|---|---|---|---|---|---|---|---|---|---|---|---|
| Military College of Engineering (MCE) | Military College of Engineering (MCE) | 10/14/2014 | 1 | 954.1 MAJ | MCE-39025 | 12/20/2019 | 12/09/2019 | 10/14/2014 | Book | |||||
| Military College of Engineering (MCE) | Military College of Engineering (MCE) | 10/14/2014 | 1 | 954.1 MAJ | MCE-39026 | 03/25/2019 | 02/22/2019 | 10/14/2014 | Book |
